Quizzes
Events
Quiz Creation
Community
Videos
Private Events
Remove Ads
Sign In
Join for FREE
Feedback
Dark Mode
Quiz Categories
Sports
Geography
Music
Movies
Television
Just For Fun
Miscellaneous
History
Literature
Language
Science
Gaming
Entertainment
Religion
Holiday
For Kids
Quiz Lab
Recent
Popular Today
Quiz Kudos Today
Editor Picks
Curator Picks
Quizzes by...
Day
Popularity
Type
Ratings
Length
Year
Community
Subscriptions
Recent Discussions
Orange Saloon
Badges
Playlists
Quests
Create
Leaderboards
Showdown
Live 5
Trivia Bingo
Activity
Puzzle Library
Sporcle Events
Private Events
Virtual Trivia
Globe League
Become a Host
Pub Owners
SporcleCon
Opinionation
Our Games
Videos
Blog
Mobile Apps
Partnerships
Remove Ads and Go Orange
Feedback
Music
Pop Music
The Beatles
Song
Album
Lyrics
Bands
Singers
Artist
Clip
Rock
Rap
Classical
Billboard
Country Music
Kpop
Taylor Swift
Music
Pop Music
The Beatles
Song
Album
Lyrics
Bands
Singers
Artist
Clip
Rock
Rap
Classical
Billboard
Country Music
Kpop
Taylor Swift
Random Quiz
Search Sporcle
×
Quiz Lab
Quiz Lab
Music
Pop Music
Type in answers that appear in a list
Type in answers that appear in a list
Classic
Best Score? Go Orange.
Waterparks 21 Questions Lyrics Stats
Can you name the Waterparks 21 Questions Lyrics?
By
bulletproof_afi
10m
243 Questions
1,155 Plays
1,155 Plays
1,155 Plays
Comments
Comments
Give Quiz Kudos
Give Quiz Kudos
-
- Ratings
hide this ad
Replay
Link that replays current quiz
Next Quiz
Link to next quiz in quiz playlist
You Got
0%
They Got
Avg Score
85%
Avg Friend Score
Upgrade to see
Score Distribution
Jump to the score distribution portion of the page
Score
0/243
Timer
10:00
0
Plays Today
% Correct
a
99.1%
a
99.1%
a
99.1%
a
99.1%
the
99.1%
a
99.1%
and
99.1%
and
99.1%
the
99.1%
a
99.1%
the
99.1%
and
99.1%
and
99.1%
chorus
99.1%
and
99.1%
the
99.1%
chorus
99.1%
I
99%
i
99%
i
99%
i
99%
i
99%
i
99%
i
99%
i
99%
i
99%
to
96.8%
to
96.8%
to
96.8%
to
96.8%
to
96.8%
to
96.8%
to
96.8%
to
96.8%
be
96.5%
be
96.5%
you
95.6%
you
95.6%
you
95.6%
you
95.6%
you
95.6%
you
95.6%
you
95.6%
you
95.6%
you
95.6%
you
95.6%
you
95.6%
you
95.6%
you
95.6%
21
95.2%
questions
94.9%
I'm
94.7%
I'm
94.7%
I'm
94.7%
i'm
94.7%
but
94.5%
but
94.5%
but
94.5%
but
94.5%
but
94.5%
but
94.5%
but
94.5%
me
93.7%
me
93.7%
me
93.7%
me
93.7%
me
93.7%
me
93.7%
my
93.5%
my
93.5%
my
93.5%
my
93.5%
my
93.5%
my
93.5%
there
93.2%
playing
93.2%
in
92.8%
in
92.8%
wanna
92.8%
your
92.7%
your
92.7%
% Correct
your
92.7%
your
92.7%
was
92.5%
want
92.5%
want
92.5%
what
92.3%
what
92.3%
what
92.3%
what
92.3%
what
92.3%
time
92.1%
time
92.1%
time
92.1%
time
92.1%
time
92.1%
time
92.1%
then
91.9%
on
91.9%
then
91.9%
on
91.9%
then
91.9%
on
91.9%
then
91.9%
with
91.9%
with
91.9%
guy
91.9%
guy
91.9%
guy
91.9%
get
91.3%
get
91.3%
get
91.3%
wish
90.9%
behind
90.9%
mad
90.8%
too
90.8%
her
90.6%
drop
90.6%
or
90.2%
this
89.8%
this
89.8%
of
89.7%
of
89.7%
person
89.6%
it
89.6%
got
89.5%
gotta
89.5%
myself
89.5%
myself
89.5%
got
89.5%
wanted
89.4%
wanted
89.4%
at
89.4%
so
89.4%
situation
89.3%
scenes
89.3%
all
89.3%
all
89.3%
all
89.3%
ever
89.3%
ever
89.3%
It's
89.1%
tired
89.1%
It's
89.1%
tired
89.1%
is
88.9%
is
88.9%
blame
88.7%
everything
88.7%
everything
88.7%
could
88.7%
don't
88.6%
text
88.1%
I've
88%
I've
88%
I've
88%
talk
87.9%
mood's
87.9%
by
87.9%
our
87.5%
take
87.4%
frustrated
87.4%
% Correct
reason
87.3%
if
87.3%
if
87.3%
dictated
86.8%
keep
86.8%
hiding
86.8%
ghost
86.6%
inviting
86.3%
conversations
86.3%
mouth
85.9%
mouth
85.9%
there's
85.8%
would
85.6%
would
85.6%
looks
85.5%
good
85.4%
trying
84.8%
obsession
84.4%
loud
83.6%
conflicted
83.2%
desperately
81%
hated
80.7%
becoming
80.4%
we
79.7%
we
79.7%
pale
79.7%
from
77.8%
from
77.8%
from
77.8%
for
75.7%
that
74.8%
picture
74.6%
brain
74.2%
they
73.3%
made
73.3%
when
73.2%
'cause
73.2%
'cause
72.6%
hit
72.3%
say
72.1%
frames
72.1%
live
71.5%
chemistry
71.3%
away
71.3%
took
71.3%
built
71.3%
words
70.8%
have
70.7%
never
70.4%
sentences
70.2%
some
69.8%
shape
69.6%
carefully
69.5%
falling
68.2%
they're
66.2%
wasted
66.1%
space
65.3%
sucks
64.6%
us
64.4%
sleep
64.3%
dropped
64.1%
between
64.1%
talking
64%
give
62.5%
amount
62.2%
wrecking
59.4%
aren't
56.2%
need
54%
like
53.7%
like
53.7%
taste
52.1%
i'll
51.8%
nothing
51.3%
happened
51.3%
nothing
51.3%
happened
51.3%
forget
50.8%
without
44.4%
still
44.1%
sun
43.2%
sets
42.3%
Quiz Playlist
Details
Report
Send in Message
Add To Playlist
Classic:
Type in answers that appear in a list
Last Updated: Mar 31, 2017
Quiz Scoreboard
CHALLENGE
Sign Up to Join the Scoreboard
Show All
Scores
Hide
Comments
May contain spoilers
Recently Published
Popular People in 1961
by mucciniale
History
6m
1-10 Letter E Words III
by El_Dandy
Language
2m
One Thing in Common: World Cities II
by knightlancer
Geography
7m
More to Explore
Quiz From the Vault
Featured Blog Post
Where Did the Easter Bunny Come From?
hide this ad
You Might Also Like...
Tags
Bands Quiz
Lyrics Quiz
Pop Music Quiz
Figure Out the Lyrics
Music Industry
Music Releases
Music Stars
Music Tracks
Notable Music
Original Lyrics
Pop Punk
Punk Bands
Today's Top Quizzes in Music
Browse Music
hide this ad
Today's Top Quizzes in Pop Music
Browse Pop Music
Top Contributed Quizzes in Music
1
Taylor Swift All Songs (2024)
2
2010s Album by Cover III
3
Taylor Swift Logic Puzzle
4
One Thing in Common: Music
5
Guess the Artist- 70s Songs
6
Guess the Taylor Swift song (Mystery Song)
7
2010s Album by Cover V
8
2010s Album by Cover IV
9
Lana Del Rey Discography (BTD to DYKTTATUOB)
10
KPOP LOGIC QUIZ
Explore More
Trending Topics
Kpop
Disney
Anime
Marvel
Crossword
NBA
Harry Potter
Puzzle
Country
Soccer
Pokémon
The Office
NFL
WWE
Song
hide this ad
More By:
bulletproof_afi
Quiz
Plays
Rating
Category
Featured
Created
Waterparks Stupid For You Lyrics
1,959
4.75
Music
Mar 16, 2017
Waterparks 21 Questions Lyrics
1,155
5.00
Music
Mar 16, 2017
Palaye Royale - Rag Doll lyrics
130
5.00
Music
Jan 4, 2019
Stand Atlantic - Lost My Cool Lyrics
65
5.00
Music
Feb 21, 2019
Go to Creator's Profile
Score Distribution
Quiz Creator Spotlight
bulletproof_afi
Follow
Send a Message
Quizzes Created
-
Created Quiz Play Count
-
More By This Creator
Popular Quizzes Today
1
Find the US States - No Outlines Minefield
2
The Countries of the World
3
Find the Countries of Europe - No Outlines Minefield
4
Popular People in 1961
5
1-10 Letter E Words III
6
Find the US States
7
One Thing in Common: World Cities II
8
US States
More Music Quizzes
The 3rd thing you need to know: One Hit Wonders
Quiz Lab
Trending Quizzes
Risky Map Clicking: Least Populous States A-Z
1-10 Letter F Words
1-10 Letter G Words
One Thing in Common: United Kingdom
Risky Map Clicking: Next State Alphabetically
Recently Updated
Leaping Animals
pecheneg
Reality TV Shows (A-Z)
bhenderson79
Rickey Henderson's Hall of Fame Teammates
pecheneg
Champions League XIs: Arsenal
pecheneg
Quick Pick: Celebrities in WWE's Hall of Fame
aduchscher
A-Z Keypad Blitz II
pecheneg
Multiple Oscar Actors
pecheneg
Mystery Phrase Blitz: Oscar 'Best Actors'
pecheneg
F. Scott Fitzgerald Novels
LTH
Pick 3 Villains
ddd62291
Trending Topics
Crossword
NBA
Anime
Harry Potter
Kpop
Marvel
Disney
Soccer
Puzzle
Song
WWE
Pokémon
The Office
Country
NFL
Your Account Isn't Verified!
In order to create a playlist on Sporcle, you need to verify the email address you used during registration. Go to your
Sporcle Settings
to finish the process.
Report this User
Report this user for behavior that violates our
Community Guidelines
.
Details:
Send Report
Go to the Sporcle.com Mobile Site →
Comments